Guess the Movie by a Picture #2 - Statistics

General Stats
  • This quiz has been taken 440 times
  • The average score is 7 of 12
Answer Stats
Picture Hint Answer % Correct
1994 The Lion King
97%
2008 Kung Fu Panda
94%
2017 Get Out
75%
2013 Frozen
70%
2004 The Incredibles
67%
1994 The Shawshank Redemption
57%
2019 Knives Out
47%
1957 12 Angry Men
41%
2013 Prisoners
40%
2012 The Dark Knight Rises
39%
2014 Ex Machina
30%
2010 Inception
21%
No matching quizzes found
Score Distribution
Percent of People with Each Score
Percentile by Number Answered
Your Score History
You have not taken this quiz